| 000 | 01327nam0a2200301 4500 | ||
|---|---|---|---|
| 001 | RU\NLR\BIBL_A\011135981 | ||
| 005 | 20250625210220.0 | ||
| 010 |
_a978-5-9926-00883-0 _9200 |
||
| 035 | _a(NILC)RuMoRGB-008482690 | ||
| 035 | _a(NLR Aleph) 011135981 | ||
| 090 |
_a11595480 _c11595480 |
||
| 100 | _a20160526d2015 |||y0rusy50 ca | ||
| 101 | 0 | _arus | |
| 102 | _aRU | ||
| 105 | _ay|||j|||000yy | ||
| 200 | 1 |
_aИстория Астраханского края в памятниках архитектуры (XIX - начало XX в.) _eучебное пособие _fЕ. Е. Красноженова _gМ-во образования и науки РФ, Астраханский гос. ун-т |
|
| 210 |
_aАстрахань _cАстраханский университет _d2015 |
||
| 215 |
_a74 с. _d21 |
||
| 320 | _aБиблиогр.: с. 73-74 (25 назв.) | ||
| 606 |
_aАрхитектура русская _jУчебные издания _yАстраханская область _92278567 _3RU\NLR\AUTH\661365292 |
||
| 675 | _a72 | ||
| 686 | 1 | _aЩ113(2Р=Рус)99Астраханская обл. | |
| 700 | 1 |
_aКрасноженова _bЕ. Е. _gЕлена Евгеньевна |
|
| 801 | 0 |
_aRU _bРГБ _c20160511 _gRCR |
|
| 942 | _cBOOK | ||
| 980 | _aNB | ||